| 000 | 01299nam a22003617a 4500 | ||
|---|---|---|---|
| 999 |
_c109 _d109 |
||
| 001 | 003776 | ||
| 003 | CoMeUDC003776 | ||
| 005 | 20210714124650.0 | ||
| 008 | 181025b ||||| |||| 00| 0 eng d | ||
| 020 | _a9789587671407 (10a. Ed.) | ||
| 040 |
_aCoMeUDC _bspa _cCoMeUDC |
||
| 041 | 0 | 0 | _aspa |
| 082 | 0 | 4 |
_a342.623 L514e _220 |
| 110 | 1 |
_aColombia _930633 |
|
| 240 | 1 | 0 | _aLeyes, decretos, etc. |
| 245 | 0 | 0 |
_aEstatuto general de contratación de la administración pública _cLegis Editores |
| 250 | _a10a ed | ||
| 260 |
_aBogotá (Colombia) _bLegis _c2014 |
||
| 300 | _axliii, 675 páginas | ||
| 490 | 0 | _aSistema de Eruditos Prácticos Legis | |
| 500 | _aCon todos los valores agregados Legis: Jurisprudencia, doctrina, comentarios y concordancias. | ||
| 500 | _aIncluye índice. | ||
| 650 | 7 |
_aContratos administrativos _xLegislación _zColombia _959077 |
|
| 650 | 0 |
_aContratación estatal _91761 |
|
| 650 | 7 |
_aContratos públicos _xLegislación _zColombia _934991 |
|
| 650 | 7 |
_aDerecho administrativo _zColombia _931733 |
|
| 651 | 4 |
_aColombia _xAdministración pública _xLegislación _926606 |
|
| 653 | _aLey 1150 de 2007 | ||
| 653 | _aLey 1508 2012 | ||
| 653 | _aLey 80 de 1993 | ||
| 690 | _aDerecho administrativo | ||
| 942 |
_cBK _a8 _e10 _h342.623 L514e _2ddc |
||